Design Progression Ltd v Thurloe Properties Ltd (Record no. 74294)

MARC details
000 -LEADER
fixed length control field 01776cab a2200277 4500
001 - CONTROL NUMBER
control field ABS67642
008 - FIXED-LENGTH DATA ELEMENTS--GENERAL INFORMATION
fixed length control field 040324n2004 000 0 eng u
035 ## - SYSTEM CONTROL NUMBER
System control number (Sirsi) u125555
245 ## - TITLE STATEMENT
Title Design Progression Ltd v Thurloe Properties Ltd
260 ## - PUBLICATION, DISTRIBUTION, ETC.
Date of publication, distribution, etc. 2004
490 ## - SERIES STATEMENT
Series statement Property, Planning and Compensation Reports
Volume/sequential designation [2004] P&CR 594-624(26)184(1)(CS)
520 ## - SUMMARY, ETC.
Summary, etc. [2004] EWHC 324 (Ch) 25 February 2004. The claimant tenant (D) sought damages from the defendant landlord (T) for breach of statutory duty to give any decision to assign the remainder of its lease, within the reasonable time imposed on (T) under the Landlord and Tenant Act 1988 s1(3). When D made an application to assign the remainder of the lease to a third party (H), the rent for the shop premises was significantly below the market rate. D and H duly submitted all the necessary information to T concerning the third party's financial circumstances. But T prevaricated which meant D and the H missed their deadline for completion in April 2002. H accordingly found other premises. "Held": the appeal was allowed as T had possessed all the necessary information by March 2002, and so had no reason to refuse the licence to assign. View judgment at www.bailii.gov.uk.
590 ## - LOCAL NOTE (RLIN)
Local note ABS
650 ## - SUBJECT ADDED ENTRY--TOPICAL TERM
Topical term or geographic name entry element DESIGN PROGRESSION LTD V THURLOE PROPERTIES LTD
650 ## - SUBJECT ADDED ENTRY--TOPICAL TERM
Topical term or geographic name entry element EXEMPLARY DAMAGES
650 ## - SUBJECT ADDED ENTRY--TOPICAL TERM
Topical term or geographic name entry element ASSIGNMENT
650 ## - SUBJECT ADDED ENTRY--TOPICAL TERM
Topical term or geographic name entry element BREACH OF STATUTORY DUTY
650 ## - SUBJECT ADDED ENTRY--TOPICAL TERM
Topical term or geographic name entry element REASONABLE TIME
650 ## - SUBJECT ADDED ENTRY--TOPICAL TERM
Topical term or geographic name entry element LICENCES TO ASSIGN
650 ## - SUBJECT ADDED ENTRY--TOPICAL TERM
Topical term or geographic name entry element LOSS OF PROFITS
650 ## - SUBJECT ADDED ENTRY--TOPICAL TERM
Topical term or geographic name entry element LANDLORD AND TENANT ACT 1988 S1
650 ## - SUBJECT ADDED ENTRY--TOPICAL TERM
Topical term or geographic name entry element COMMERCIAL LEASES
690 ## - LOCAL SUBJECT ADDED ENTRY--TOPICAL TERM (OCLC, RLIN)
Topical term or geographic name as entry element LANDLORD AND TENANT-LEASES-CASE LAW
856 ## - ELECTRONIC LOCATION AND ACCESS
Uniform Resource Identifier <a href="https://www.bailii.org/ew/cases/EWHC/Ch/2004/324.html">https://www.bailii.org/ew/cases/EWHC/Ch/2004/324.html</a>
Public note View judgment on the BAILII website...
942 ## - ADDED ENTRY ELEMENTS (KOHA)
Suppress in OPAC 0
Holdings
Withdrawn status Lost status Source of classification or shelving scheme Damaged status Not for loan Home library Current library Shelving location Date acquired Total Checkouts Full call number Barcode Date last seen Copy number Price effective from Koha item type
    Dewey Decimal Classification     London London Journal article 24/03/2004   ABS67642 125555-1001 06/08/2019 1 06/08/2019 Law report